| 000 | 01082cam a22003013a 4500 | ||
|---|---|---|---|
| 001 | 3704 | ||
| 003 | PGUSA | ||
| 005 | 20140828083037.0 | ||
| 008 | 030201s2003||||xxu|||||s|||||000 | eng d | ||
| 040 |
_aPGUSA _beng |
||
| 042 | _adc | ||
| 050 | 4 | _aQH | |
| 100 | 1 |
_aDarwin, Charles, _d1809-1882 |
|
| 245 | 1 | 0 |
_aJournal of Researches into the Natural History and Geology of the Countries Visited During the Voyage Round the World of H.M.S. Beagle Under the Command of Captain Fitz Roy, R.N. _h[electronic resource] / _cCharles Darwin |
| 260 |
_bProject Gutenberg, _c2003 |
||
| 500 | _aIllustrated edition. See also PG#944 | ||
| 506 | _aPublic domain in the USA. | ||
| 516 | _aElectronic text | ||
| 653 | _aVoyages around the world -- History -- 19th century | ||
| 653 | _aNatural history | ||
| 653 | _aBeagle Expedition (1831-1836) | ||
| 653 | _aGeology | ||
| 653 | _aSouth America -- Discovery and exploration | ||
| 740 | 0 | _aA Naturalist's Voyage Round the World | |
| 830 | 0 |
_aProject Gutenberg _v3704 |
|
| 856 | 4 | 0 | _uhttp://www.gutenberg.org/ebooks/3704 |
| 942 | _cEB | ||
| 999 |
_c233033 _d233033 |
||